Elenca la formazione - Quiz n°176 - Statistics

Statistiche generali
  • Questo quiz è stato fatto 59 volte
  • Il punteggio medio è 8 su 11
Statistiche sulle risposte
Ruolo Nazione Calciatore % Corretto
Portiere Slovenia Samir Handanovič
100%
Attaccante Argentina Mauro Icardi
93%
Trequartista Croazia Ivan Perišić
85%
Attaccante Montenegro Stevan Jovetić
80%
Difensore Cile Gary Medel
74%
Centrocampista Francia / Repubblica Centrafricana Geoffrey Kondogbia
74%
Centrocampista Colombia Fredy Guarín
69%
Difensore Colombia Jeison Murillo
59%
Difensore Brasile Juan Jesus
48%
Difensore Italia Davide Santon
43%
Centrocampista Brasile Felipe Melo
35%
Nessun quiz corrispondente trovato
Distribuzione punteggi
Percentuale di utenti per punteggio
Percentile per numero di risposta
I tuoi punteggi nel tempo
Non hai fatto questo quiz